LEADER 01013cam0-22003251i-450 001 990007669990403321 005 20180518115947.0 035 $a000766999 035 $aFED01000766999 035 $a(Aleph)000766999FED01 035 $a000766999 100 $a20030814d1986----km-y0itay50------ba 101 0 $aita 102 $aIT 200 1 $a<>cooperazione nella legislazione statuale e regionale$eJesolo, 16-18 maggio 1983. Atti del Convegno C.I.D.I.S. - Centro Internazionele di Studi Giuridici$fCIDIS 210 $aPadova$cCEDAM$d1986 215 $aVI, 157 p.$d24 cm 676 $a346.07$v11 rid.$zita 710 02$aCentro internazionale di studi giuridici$0227422 801 0$aIT$bUNINA$gRICA$2UNIMARC 901 $aBK 912 $a990007669990403321 952 $a13-CB-278$b507$fDDCP 952 $aVI F 639$b167$fDDA 952 $aDPR 21-973$fDEC 959 $aDDCP 959 $aDDA 959 $aDEC 996 $aCooperazione nella legislazione statuale e regionale$9680019 997 $aUNINA